000 00577nam a22001937a 4500
005 20251108170942.0
008 250721s1990 xx 000 0 ara d
082 1 4 _a657/أحم
100 1 _aدرويش، أحمد عبد الله
245 1 0 _aمحاسبة البنوك /
264 1 _aعمان :
_bالأهلية للنشر و التوزيع،
_c1990.
300 _a332ص : جداول
650 1 7 _aالمحاسبة
650 1 7 _aالبنوك
700 1 _aياسين، فؤاد توفيق
700 1 _aالأخرس، عاطف
942 _2ddc
_cBK
999 _c52892
_d52892